000 01147nmc a2200457 a 4500
003 AR-BaBNM
005 20251128210806.0
008 121020s2000 ||||||||||||||000 | spa||
020 _a84-249-2491-6
040 _cAR-BaBNM
100 0 _aPlatón
245 1 0 _aDiálogos
_n5
260 _aMadrid
_bGredos
_c2000
300 0 _a605 p.
490 0 _aBiblioteca básica Gredos
_vv. 28
650 4 _aESCUELAS FILOSOFICAS
650 4 _aHISTORIA ANTIGUA
650 4 _aFILOSOFOS
650 4 _aDIALECTICA
650 4 _aMETAFISICA
650 4 _aIDEALISMO
650 4 _aONTOLOGIA
650 4 _aRETORICA
650 4 _aLOGICA
650 4 _aFILOSOFIA POLITICA
651 4 _aGrecia
653 0 _aSOFISTAS
653 0 _aSISTEMAS FILOSOFICOS
653 0 _aHISTORIA DEL PENSAMIENTO
653 0 _aTEORIA DE LAS FORMAS
653 0 _aPRESOCRATICOS
700 1 _aSanta Cruz, María Isabel
_eprologuista
700 1 _aVallejo Campos, A.
_etraductor
700 1 _aCordero, Néstor Luis
_etraductor
740 0 _aParménides
740 0 _aTeeteto
740 0 _aSofista
740 0 _aPolítico
942 _cBK
998 _cMARTIN
999 _c16926
_d16926